000 00428nam a22001697a 4500
003 NUST - PNEC
005 20170116181019.0
008 150915b xxu||||| |||| 00| 0 eng d
020 _a-
040 _cLIBRARY
082 _a621.4021 PEC
100 _910551
_aPeck, W. J.
245 _aApplied thermodynamics problems for engineers
_cW. J. Peck
260 _cc.1962
650 _910553
_aThermodynamics
_xME
942 _2ddc
_cBK
999 _c67343
_d67343